000 02684nam0a2200385 4500
001 RU\NLR\BIBL_A\022529499
005 20250623094719.0
010 _a978-5-00258-272-0
010 _a978-5-00258-273-0
_975
021 _aRU
_bКН-П-25-011691
_9КН-П-25-1181
035 _a(NLR Aleph) 022529499
090 _a13429096
_c13429096
100 _a20250423d2024 u y0rusy50 ca
101 0 _arus
102 _aRU
105 _aa|||z|||000yy
181 0 _ai3
_baxxe
182 0 _an
200 1 _aМетодические инструменты воспитателя: интегрированные конспекты занятий, инновационные технологии, педагогические приемы
_eиз опыта работы педагогов МБДОУ "Непоседы"
_f[Кашаева Гульнара Магомедовна, Валиуллина Альбина Николаевна, Волкова Галина Геннадьевна и др.]
_gпод редакцией Г. М. Кашаевой
_gМуниципальное бюджетное дошкольное учреждение "Непоседы" муниципального образования город Губкинский
203 _aТекст
_bвизуальный
_cнепосредственный
210 _aМосква
_cПеро
_d2024
215 _a189 с.
_cил., табл.
_d21х30
225 1 _aСерия Муниципальная инновационная площадка "Инновационный проект "Гений с пеленок" - выявление, развитие и самореализация детей с признаками одарённости"
300 _aАвт. указаны на 185-й с.
606 1 _aДошкольные учреждения
_jМетодические пособия
_xВоспитательно-образовательная работа
_92373354
_3RU\NLR\AUTH\661416507
686 1 _aЧ411.38я8
701 1 _aКашаева
_bГ. М.
_gГульнара Магомедовна
701 1 _aВалиуллина
_bА. Н.
_gАльбина Николаевна
701 1 _7ca
_8rus
_aВолкова
_bГ. Г.
_cметодист, дошкольное образование
_gГалина Геннадьевна
_92652572
_3RU\NLR\AUTH\770280605
712 0 2 _4570
_a"Непоседы", муниципальное бюджетное дошкольное образовательное учреждение
_cГубкинский
_92659355
_3RU\NLR\AUTH\880626987
942 _cBOOK
980 _aNB